Madame Bovary / (Record no. 184824)
[ view plain ]
| 000 -LEADER | |
|---|---|
| campo de control de longitud fija | 00576nam a2200193 i 4500 |
| 001 - NÚMERO DE CONTROL | |
| campo de control | 184824 |
| 003 - IDENTIFICADOR DE NÚMERO DE CONTROL | |
| campo de control | ES-MaACL |
| 005 - FECHA Y HORA DE LA ÚLTIMA TRANSACCIÓN | |
| campo de control | 20240128062950.0 |
| 008 - DATOS DE LONGITUD FIJA--INFORMACIÓN GENERAL | |
| campo de control de longitud fija | 160202s1975 sp |||| | spa d |
| 080 ## - NÚMERO DE LA CLASIFICACIÓN DECIMAL UNIVERSAL | |
| Número de la Clasificación Decimal Universal | 821.133.1-31"18" |
| 100 1# - ENTRADA PRINCIPAL--NOMBRE DE PERSONA | |
| Nombre de persona | Flaubert, Gustave, |
| Fechas asociadas al nombre | 1821-1880 |
| 9 (RLIN) | 51134 |
| 245 10 - MENCIÓN DEL TÍTULO | |
| Título | Madame Bovary / |
| Mención de responsabilidad, etc. | Gustave Flaubert ; [traducción Julio C. Acerete]. |
| 250 ## - MENCION DE EDICION | |
| Mención de edición | [3ª ed.]. |
| 260 ## - PUBLICACIÓN, DISTRIBUCIÓN, ETC. | |
| Lugar de publicación, distribución, etc. | Barcelona : |
| Nombre del editor, distribuidor, etc. | Bruguera, |
| Fecha de publicación, distribución, etc. | [1975] |
| 300 ## - DESCRIPCIÓN FÍSICA | |
| Extensión | 446 p. ; |
| Dimensiones | 18 cm. |
| 700 1# - ENTRADA AGREGADA--NOMBRE PERSONAL | |
| Nombre de persona | Acerete, Julio C., |
| 9 (RLIN) | 18222 |
| 852 ## - LOCALIZACIÓN | |
| Ubicación | ES-MaACL |
| Número de control de estantería | E-8704 |
| Estatus retirado | Estado de pérdida | Estado de daño | No para préstamo | Biblioteca de origen | Biblioteca actual | Ubicación en estantería | Fecha de adquisición | Fuente de adquisición | Total de préstamos | Signatura topográfica completa | Código de barras | Visto por última vez | Precio de reemplazo | Tipo de ítem Koha |
|---|---|---|---|---|---|---|---|---|---|---|---|---|---|---|
| Biblioteca del Ateneo de Madrid | Biblioteca del Ateneo de Madrid | Depósito 2 | 02/02/2016 | E-8704 | 1194647 | 23/02/2023 | 23/02/2023 | Libro impreso |
